| Tag |
First Indicator |
Second Indicator |
Subfields |
| LEADER |
00000pam a2200000 a 4500 |
| 001 |
in00000088152 |
| 005 |
20151008065036.0 |
| 008 |
820305s1981 dcua b 00010 eng |
| 010 |
|
|
|a 82003545
|
| 020 |
|
|
|a 0309032695 (pbk.) :
|c $6.20
|
| 035 |
|
|
|a (OCoLC)08281545
|
| 035 |
|
|
|9 AAK5253AM
|
| 039 |
0 |
|
|a 2
|b 3
|c 3
|d 3
|e 3
|
| 040 |
|
|
|a DLC
|c DLC
|d TXA
|d UtOrBLW
|
| 049 |
|
|
|a TXAM
|c 1 [1196674], 2 [274546]
|
| 050 |
0 |
0 |
|a TE7
|b H5 no. 827
|
| 090 |
|
|
|a TE7
|b .H5 no.827
|
| 110 |
2 |
|
|a National Research Council (U.S.).
|b Transportation Research Board.
|b Annual Meeting
|n (60th :
|d 1981 :
|c Washington, D.C.)
|
| 245 |
1 |
0 |
|a General soils problems /
|c Transportation Research Board, Commission on Sociotechnical Systems, National Research Council.
|
| 264 |
|
1 |
|a Washington, D.C. :
|b National Academy of Sciences,
|c 1981.
|
| 300 |
|
|
|a iv, 44 pages :
|b illustrations ;
|c 28 cm.
|
| 336 |
|
|
|a text
|b txt
|2 rdacontent
|
| 337 |
|
|
|a unmediated
|b n
|2 rdamedia
|
| 338 |
|
|
|a volume
|b nc
|2 rdacarrier
|
| 490 |
1 |
|
|a Transportation research record,
|x 0361-1981 ;
|v 827
|
| 500 |
|
|
|a Reports presented at the 60th annual meeting of the Transportation Research Board.
|
| 504 |
|
|
|a Includes bibliographical references.
|
| 650 |
|
0 |
|a Pavements.
|
| 650 |
|
0 |
|a Soil mechanics.
|
| 830 |
|
0 |
|a Transportation research record ;
|v 827.
|
| 999 |
|
|
|a MARS
|
| 999 |
f |
f |
|s 8b69b295-7d8b-3a14-b3c4-8bcc9ce6f5ad
|i 10ac8abb-d3e1-3dd5-989a-3ba912bad69e
|t 0
|
| 952 |
f |
f |
|p ric
|a Texas A&M University
|b Rellis Campus
|c Joint Library Facility
|d Remote Storage
|t 0
|e TE7 .H5 no.827
|h Library of Congress classification
|i unmediated -- volume
|m A14808770038
|
| 998 |
f |
f |
|a TE7 .H5 no.827
|t 0
|l Remote Storage
|